Statistics for Countries Growing the Most by 2070

Click here to take the quiz!

General Stats

  • This quiz has been taken 13,586 times
  • The average score is 14 of 20

Answer Stats

%Country% Correct
285Niger
98%
202D. R. Congo
89%
127Sudan
82%
171Chad
81%
180Mali
79%
175Somalia
77%
163Tanzania
76%
168Angola
74%
128Uganda
74%
165Central African Republic
72%
144Mozambique
71%
149Senegal
71%
138Zambia
71%
134Cameroon
70%
142Mauritania
69%
149Benin
64%
134Ivory Coast
63%
136Burundi
62%
126Malawi
62%
127Vanuatu
10%

Score Distribution

Percentile by Number Answered

Percent of People with Each Score

Your Score History

You have not taken this quiz